MDQL
is popping MORE tags! Check the
thread
!
Quizzes
Events
Quiz Creation
Community
Videos
Private Events
Remove Ads
Sign In
Join for FREE
Feedback
Dark Mode
Quiz Categories
Sports
Geography
Music
Movies
Television
Just For Fun
Miscellaneous
History
Literature
Language
Science
Gaming
Entertainment
Religion
Holiday
For Kids
Quiz Lab
Recent
Popular Today
Quiz Kudos Today
Editor Picks
Curator Picks
Quizzes by...
Day
Popularity
Type
Ratings
Length
Year
Community
Subscriptions
Recent Discussions
Orange Saloon
Badges
Playlists
Quests
Create
Leaderboards
Showdown
Live 5
Trivia Bingo
Activity
Puzzle Library
Sporcle Events
Private Events
Virtual Trivia
Globe League
Become a Host
Pub Owners
SporcleCon
Opinionation
Our Games
Videos
Blog
Mobile Apps
Partnerships
Remove Ads and Go Orange
Feedback
Sports
Athletes
MLB
NBA
NHL
NFL
Soccer
Sports Teams
WWE
NCAA
Football
Premier League
Basketball
Baseball
Hockey
Golf
Tennis
Cricket
Rugby
Auto Racing
Olympics
World Cup
Sports
Athletes
MLB
NBA
NHL
NFL
Soccer
Sports Teams
WWE
NCAA
Football
Premier League
Basketball
Baseball
Hockey
Golf
Tennis
Cricket
Rugby
Auto Racing
Olympics
World Cup
Random Quiz
Search Sporcle
×
Quiz Lab
Quiz Lab
Sports
Olympics
Type in answers that appear in a list
Type in answers that appear in a list
Classic
Best Score? Go Orange.
Winter Olympics: Events (HARD) Stats
Can you name the Winter Olympic Events (HARD)?
By
Tabasco
7m
86 Questions
293 Plays
293 Plays
293 Plays
Comments
Comments
Give Quiz Kudos
Give Quiz Kudos
-
- Ratings
hide this ad
Replay
Link that replays current quiz
Next Quiz
Link to next quiz in quiz playlist
You Got
0%
They Got
Avg Score
56%
Avg Friend Score
Upgrade to see
Score Distribution
Jump to the score distribution portion of the page
Score
0/86
Timer
07:00
0
Plays Today
% Correct
Men's Singles
86.7%
Men's Singles
86.7%
Men's Race
86.7%
Women's Singles
85%
Women's Singles
85%
Women's Race
85%
Men's Tournament
84%
Men's Tournament
84%
Women's Tournament
80.9%
Women's Tournament
80.9%
Men's 1000 M
76.5%
Men's 1000 M
76.5%
Women's 1000 M
76.1%
Women's 1000 M
76.1%
Men's Slalom
75.8%
Women's Slalom
75.8%
Men's 500 M
73%
Women's 500 M
73%
Men's 500 M
73%
Women's 500 M
73%
Men's 10000 M
72%
Pairs
72%
Men's 5000 M
71.7%
Women's 5000 M
71.7%
Men's Downhill
68.6%
Women's Downhill
68.6%
Men's 1500 M
68.3%
Women's 1500 M
68.3%
Men's 1500 M
68.3%
% Correct
Women's 1500 M
68.3%
Two-man Race
64.8%
Women's 10 KM
64.5%
Men's Half-pipe
63.5%
Women's Half-pipe
63.5%
Women's 3000 M
60.1%
Men's Super Giant Slalom
59.7%
Women's Super Giant Slalom
59.7%
Men's Doubles
59%
Four-man Race
58%
Men's Parallel Giant Slalom
57.7%
Women's Parallel Giant Slalom
57.7%
Men's Relay
57%
Men's Relay
57%
Men's Relay
57%
Women's Relay
56.7%
Men's Giant Slalom
56.7%
Women's Giant Slalom
56.7%
Women's Relay
56.7%
Women's Relay
56.7%
Men's Moguls
56.3%
Women's Moguls
56.3%
Ice Dancing
52.9%
Men's 50 KM
52.2%
Men's 20 KM
48.1%
Two-woman Race
47.8%
Men's 15 KM
47.4%
Women's 15 KM
47.1%
Women's 30 KM
44%
% Correct
Men's Skicross
43.3%
Women's Skicross
43.3%
10 KM Normal Hill
42.3%
Men's Snowboard Cross
42%
Women's Snowboard Cross
42%
10 KM Large Hill
42%
Men's Combined
40.6%
Women's Combined
40.6%
Men's Team Pursuit
40.3%
Women's Team Pursuit
40.3%
Men's Aerials
39.6%
Men's Sprint
38.9%
Women's Sprint
38.9%
Men's Sprint
38.9%
Women's Sprint
38.9%
Women's Aerials
38.6%
Small Hill
36.9%
Large Hill
36.5%
Men's Pursuit
30%
Women's Pursuit
30%
Men's Pursuit
30%
Women's Pursuit
30%
Men's Mass Start
22.9%
Women's Mass Start
22.9%
Team Large Hill
22.2%
Team Large Hill
22.2%
Men's Team Sprint
20.5%
Women's Team Sprint
20.5%
Quiz Playlist
Details
Report
Send in Message
Add To Playlist
Classic:
Type in answers that appear in a list
Quiz Source
Last Updated: Feb 16, 2017
Quiz Scoreboard
CHALLENGE
Sign Up to Join the Scoreboard
Show All
Scores
Hide
Comments
May contain spoilers
Recently Published
Colored Red Africa Blitz
by spor1
Geography
30s
Find the 'City' Movie
by crazypaving
Movies
60s
5x2 Blitz: Bands
by SL_Kpop136
Music
30s
More to Explore
Quiz From the Vault
Featured Blog Post
14 Easter Pick-up Lines to Find Eggs With
hide this ad
You Might Also Like...
Tags
Olympics Quiz
Event
hard
Winter
Winter Olympics
Today's Top Quizzes in Sports
Browse Sports
hide this ad
Today's Top Quizzes in Olympics
Browse Olympics
Top Contributed Quizzes in Sports
1
Les entraîneurs de l'OM et du PSG au 21e siècle
2
Les meilleurs buteurs des matchs entre le PSG et l’OM
3
Les joueurs passés par le PSG et l'OM
4
Players with Multiple 50 Home Run Seasons
5
2022 World Cup Stars
6
Criteria MLB: Left Handed Sluggers
7
NBA Logic Puzzle 2.0
8
MLB Players with Two .350 Batting Average Seasons
9
Top 10 NHL Goal Scorers of All Time
10
Les joueurs passés par le LOSC et le RC Lens
Explore More
Trending Topics
Marvel
Kpop
Disney
Harry Potter
NBA
Crossword
Anime
Country
NFL
Pokémon
Puzzle
WWE
Soccer
The Office
Song
hide this ad
More By:
Tabasco
Quiz
Plays
Rating
Category
Featured
Created
Rivers of Europe
111,441
4.35
Geography
Jan 31, 2011
Rivers and Lakes of Africa
39,454
4.55
Geography
Nov 14, 2011
Largest Cities in the EU (1050-1800)
13,788
4.37
History
Mar 2, 2010
Largest cities Netherlands (1500-2000)
8,587
4.50
History
Apr 2, 2010
Rivers And Lakes Of Asia (map)
5,157
4.51
Geography
Nov 7, 2011
Go to Creator's Profile
Score Distribution
Quiz Creator Spotlight
Tabasco
Follow
Send a Message
Quizzes Created
-
Created Quiz Play Count
-
More By This Creator
Popular Quizzes Today
1
Colored Red Africa Blitz
2
Find the 'City' Movie
3
5x2 Blitz: Bands
4
Find the US States - No Outlines Minefield
5
The Countries of the World
6
Find the US States
7
US States
8
Find the Countries of Europe - No Outlines Minefield
More Sports Quizzes
La Liga Winners XIs 2021-2030
Quiz Lab
Trending Quizzes
Colored Red Europe Blitz I
Colored Red Europe Blitz II
Colored Red Africa Blitz II
Colored Red Europe Blitz III
Colored Red Africa Blitz III
Recently Updated
How Do You Spell That?
pecheneg
Godzilla Movies
pecheneg
Grab Bag: 4-10 Letters
pecheneg
2024 March Madness Bracket
pecheneg
Famous TV Couples
Peacemaker
Champions League XIs: Real Madrid
pecheneg
Largest US Cities 1790-2010
pecheneg
Rides in Walt Disney World
pecheneg
Most Oscar Losses (Acting)
pecheneg
Beyoncé Albums
pecheneg
Trending Topics
Anime
Marvel
Disney
NBA
Kpop
Harry Potter
Crossword
Country
The Office
Soccer
Pokémon
Song
NFL
Puzzle
WWE
Your Account Isn't Verified!
In order to create a playlist on Sporcle, you need to verify the email address you used during registration. Go to your
Sporcle Settings
to finish the process.
Report this User
Report this user for behavior that violates our
Community Guidelines
.
Details:
Send Report
Go to the Sporcle.com Mobile Site →
Comments